000
00303nam a2200109Ia 4500
008
200302s9999 xx 000 0 und d
100
_a
Lewis & O' Connor
245
_a
Philip Johnson The Architect in His Own Words
260
_b
Rizzoli International Publications Inc.
260
_c
1994
300
_a
200 P.,
999
_c
1522
_d
1522